| 000 | 003940000a22001210004500 | ||
|---|---|---|---|
| 090 |
_aAS _bSeriadas |
||
| 245 | 1 | 0 | _aExtended description of Platyrrhinus chocoensis from the Pacific lowlands of Colombia |
| 041 | 0 | _aInglés | |
| 700 | 1 |
_aVelasco A., Eduardo _9100337 |
|
| 100 | 1 |
_aAlberico, Michael _96446 |
|
| 942 | _cARTICULO | ||
| 773 | 1 |
_tTrianea _kActa Científica y Tecnológica _h5 _q343-351 _d1994 |
|
| 999 |
_c16143 _d16143 |
||